| 000 | 01701nam0a2200385 4500 | ||
|---|---|---|---|
| 001 | RU\NLR\bibl\316974 | ||
| 005 | 20250621141835.0 | ||
| 021 |
_aRU _b2002-31919 _91579 |
||
| 035 | _a(NLR Aleph) 000312052 | ||
| 090 |
_a43788 _c43788 |
||
| 100 | _a20021008d2002 |||y0rusy50 ca | ||
| 101 | 0 | _arus | |
| 102 | _aRU | ||
| 105 | _ay ||||||||| | ||
| 200 | 1 |
_aФилософия _eКурс лекций для студентов вузов по спец. "Юриспруденция" _fВ. Б. Попов, Л. Н. Попова _gМ-во образования Рос. Федерации, Дальневост. юрид. ин-т МВД России, Якут. фил. |
|
| 210 |
_aЯкутск _cЯкут. фил. Изд-ва СО РАН _d2002 |
||
| 215 |
_a175 с. _d20 |
||
| 320 | _aБиблиогр.: с. 172-174 | ||
| 606 | 0 |
_aФилософия _jРуководства, пособия и т.п. для высшей школы _9900139 _3RU\NLR\auth\666996 |
|
| 606 | 0 |
_aФилософия _jУчебные издания для высшей школы _9900139 _3RU\NLR\auth\666996 |
|
| 610 | 0 | _aФилософия права | |
| 675 |
_a1(075.8) _v3 _zrus |
||
| 686 |
_a02 _2rugasnti |
||
| 686 |
_a87я73 _2rubbk |
||
| 686 | _aЮ0я73 | ||
| 700 | 1 |
_4070 _aПопов _bВ. Б. _cканд. филос. наук, социальная философия _gВалерий Борисович _9245479 _3RU\NLR\AUTH\770245535 |
|
| 701 | 1 |
_aПопова _bЛ. Н. _gЛюдмила Николаевна _4070 |
|
| 801 | 0 |
_aRU _bRKP _c20021008 _gPSBO |
|
| 801 | 1 |
_aRU _bRKP _c20021008 |
|
| 801 | 2 |
_aRU _bNLR _c20030113 _grcr |
|
| 942 | _cBOOK | ||
| 980 | _aNB | ||
| 980 | _aNBR | ||